LEADER 01603nam0 22003251i 450 001 UON00324435 005 20231205104154.211 100 $a20090616d1846 |0itac50 ba 101 $afre 102 $aFR 105 $a|||| ||||| 200 1 $aHistoire de la conquête du Mexique$eavec un tableau préliminaire de l'ancienne civilisation mexicaine et la vie de Ferdinand Cortés$fWilliam H. Prescott 210 $aParis$cLibrairie de Firmin Didot Frères$d1846 215 $a3 vol in 1$d22 cm. 317 $aPossessore: Real Officio Topografico (1780?-1879)$5IT-UONSI ANTA XIX/0153 317 $aPossessore: Biblioteca Provinciale di Napoli. Fondo Pizzofalcone$5IT-UONSI ANTA XIX/0153 317 $aProvenienza: Biblioteca Provinciale di Napoli (1874-1925)$5IT-UONSI ANTA XIX/0153 606 $aMESSICO$xSTORIA$3UONC041405$2FI 620 $aFR$dParis$3UONL002984 700 1$aPRESCOTT$bWilliam H.$3UONV135814$0324189 702 $3UONV296221$4390$5IT-UONSI ANTA XIX/0153 712 $a*Firmin *Didot Frères$3UONV251390$4650 712 02$aReal Officio Topografico (1780?-1879)$3UONV295399$4390$5IT-UONSI ANTA XIX/0153 712 02$aBiblioteca Provinciale di Napoli (1874-1925)$3UONV295398$4320$5IT-UONSI ANTA XIX/0153 801 $aIT$bSOL$c20241115$gRICA 899 $aSIBA - SISTEMA BIBLIOTECARIO DI ATENEO$2UONSI 912 $aUON00324435 950 $aSIBA - SISTEMA BIBLIOTECARIO DI ATENEO$dSI ANT A XIX 0153 $eSI MR 14964 7 0153 996 $aHistoire de la conquête du Mexique$91370204 997 $aUNIOR